Statistics for Name the Star Trek Movies in One Minute

Click here to take the quiz!

General Stats

  • This quiz has been taken 8 times
  • The average score is 11 of 14

Answer Stats

YearMovie% Correct
2009Star Trek
100%
1979Star Trek: The Motion Picture
100%
2016Star Trek Beyond
80%
1996Star Trek: First Contact
80%
1994Star Trek: Generations
80%
1984Star Trek III: The Search For Spock
80%
1982Star Trek II: The Wrath of Khan
80%
1998Star Trek: Insurrection
80%
2013Star Trek Into Darkness
80%
1986Star Trek IV: The Voyage Home
80%
2002Star Trek: Nemesis
80%
1989Star Trek V: The Final Frontier
80%
1991Star Trek VI: The Undiscovered Country
60%
TBDStar Trek: Section 31
40%

Score Distribution

Percentile by Number Answered

Percent of People with Each Score

Your Score History

You have not taken this quiz